|
|
|
|
| LEADER |
00000nab a2200000u 4500 |
| 001 |
vtls012146034 |
| 003 |
SK-MaSNL |
| 005 |
20260303100753.0 |
| 008 |
220812|20220811xo ||||||| || ||slo| |
| 038 |
|
|
|a KEVKJB
|
| 040 |
|
|
|a KEVKJB
|b slo
|e rda
|
| 041 |
0 |
|
|a slo
|
| 043 |
|
|
|a e-xo---
|
| 044 |
|
|
|a xo
|c SK
|
| 072 |
|
7 |
|a 629
|x Dopravné prostriedky
|2 konspekt
|
| 080 |
|
|
|a 629.735.45
|2 2011
|
| 100 |
1 |
|
|a Jabrik, Peter
|4 aut
|9 879309
|
| 245 |
1 |
0 |
|a Za Smeru hluk vrtuľníkov v Košiciach neriešili. Až teraz zistili nedostatky
|b pilotná akadémia nedodala ministerstvom požadovanú hlukovú štúdiu. ...
|c Peter Jabrik
|
| 300 |
|
|
|b Fotografie
|
| 336 |
|
|
|a text
|b txt
|2 rdacontent
|
| 337 |
|
|
|a bez média
|b n
|2 rdamedia
|
| 338 |
|
|
|a zväzok
|b nc
|2 rdacarrier
|
| 610 |
2 |
7 |
|a Slovak Training Academy (Košice, Slovensko)
|2 kevkjb
|9 1109862
|
| 650 |
0 |
7 |
|a vrtuľníky
|2 SNKPH
|9 31051
|
| 650 |
0 |
7 |
|a výcvikové strediská
|2 kevkjb
|9 1109863
|
| 651 |
|
7 |
|a Košice (Slovensko)
|2 SNKPHgeo
|9 18694
|
| 773 |
0 |
|
|t Korzár
|g Roč. XXV., č. 155 (11.8.2022), s. 4-5
|x 2585-7355
|
| 852 |
|
|
|a KEVKJB
|b KIS3GCP
|
| 856 |
4 |
1 |
|u https://kosice.korzar.sme.sk/c/22976935/za-smeru-hluk-vrtulnikov-v-kosiciach-neriesili-teraz-nasli-nedostatky.html
|
| 999 |
|
|
|c 1834560
|d 1836490
|